000 00519nam a2200169 i 4500
001 45674
003 ES-MaACL
005 20230906161246.0
007 t|
008 030326s1961 sp ||||1| spa d
100 1 _aCoing, Helmut.
_939537
245 1 0 _aFundamentos de filosofía del derecho /
_cpor Helmut Coing ; traducción castellana por Juan Manuel Mauri.
260 _aBarcelona :
_bAriel,
_c[1961]
300 _a307 p. ;
_c23 cm.
700 1 _aMauri, Juan Manuel.
_979248
852 _aES-MaACL
_jC-56572
_bR.89415
999 _c45674
_d45674